[Event "MCRE_CF_07"]
[Site "?"]
[Date "2005.??.??"]
[Round "?"]
[White "Mateka, Petr"]
[Black "Vojtek, Frantisek"]
[Result "1/2-1/2"]
[WhiteElo "2183"]
[BlackElo "2196"]
[PlyCount "71"]
[EventDate "2005.??.??"]
[EventType "corr"]
[EventRounds "2"]
[SourceDate "2005.10.20"]

1. e4 e5 2. Nf3 Nc6 3. Bb5 Nf6 4. O-O Nxe4 5. d4 Nd6 6. Bxc6 dxc6 7. dxe5 Nf5
8. Qxd8+ Kxd8 9. Nc3 Ne7 10. Be3 h6 11. Rfd1+ Ke8 12. h3 Nf5 13. Bf4 Be6 14. a3
Rd8 15. g4 Rxd1+ 16. Rxd1 Ne7 17. Nd4 Bd7 18. e6 fxe6 19. Re1 Nd5 20. Nxd5 cxd5
21. Bxc7 Bc5 22. c3 Kf7 23. Kg2 g5 24. Nf3 Rf8 25. Bg3 Be7 26. Ne5+ Ke8 27. Ng6
Rg8 28. Nxe7 Kxe7 29. f4 gxf4 30. Bxf4 h5 31. g5 h4 32. Be3 Bb5 33. Kh2 Kf7 34.
Rg1 Kg6 35. Bxa7 e5 36. Bf2 1/2-1/2

[Event "MCRE_CF_07"]
[Site "?"]
[Date "2005.??.??"]
[Round "?"]
[White "Vojtek, Frantisek"]
[Black "Mateka, Petr"]
[Result "1/2-1/2"]
[WhiteElo "2196"]
[BlackElo "2183"]
[PlyCount "68"]
[EventDate "2005.??.??"]
[EventType "corr"]
[EventRounds "2"]
[SourceDate "2005.10.20"]

1. e4 e5 2. Nf3 Nc6 3. Bb5 a6 4. Ba4 Nf6 5. O-O Be7 6. Re1 b5 7. Bb3 O-O 8. c3
d6 9. h3 Na5 10. Bc2 c5 11. d4 Qc7 12. Nbd2 Nc6 13. d5 Na5 14. b3 Bd7 15. Nf1
Nb7 16. c4 Bd8 17. Ne3 Re8 18. Nf5 Bxf5 19. exf5 Rb8 20. Nd2 Na5 21. Qe2 Qd7
22. Rb1 Be7 23. Ne4 bxc4 24. Nxf6+ Bxf6 25. Bd2 cxb3 26. axb3 Qb5 27. Bd3 Qb6
28. b4 cxb4 29. Rxb4 Qc7 30. Reb1 Rxb4 31. Rxb4 Nb7 32. Bxa6 Nc5 33. Bb5 Rb8
34. Bc6 Rxb4 1/2-1/2

[Event "MCRE_CF_07"]
[Site "?"]
[Date "2005.??.??"]
[Round "?"]
[White "Fric, Pavel"]
[Black "Vojtek, Frantisek"]
[Result "1-0"]
[WhiteElo "2000"]
[BlackElo "2196"]
[PlyCount "81"]
[EventDate "2005.??.??"]
[EventType "corr"]
[EventRounds "2"]
[SourceDate "2005.10.20"]

1. e4 e5 2. Nf3 Nc6 3. d4 exd4 4. Nxd4 Bc5 5. Be3 Qf6 6. c3 Nge7 7. Bc4 Ne5 8.
Be2 Qg6 9. O-O d6 10. f3 O-O 11. Nd2 d5 12. f4 Ng4 13. Bxg4 Bxg4 14. f5 Qh5 15.
Qb3 Bd6 16. Bf4 Bxf4 17. Rxf4 c5 18. Nc2 dxe4 19. f6 Ng6 20. Rf2 Rae8 21. Re1
Be6 22. c4 b5 23. Nxe4 Bxc4 24. fxg7 Kxg7 25. Qc3+ Qe5 26. Nf6 Qxc3 27. Nxe8+
Rxe8 28. bxc3 Rxe1+ 29. Nxe1 Ne5 30. a3 Be6 31. Rd2 Nc4 32. Rd1 a5 33. Nd3 Nxa3
34. Nxc5 Kf6 35. Nxe6 fxe6 36. Kf2 a4 37. Rd7 h6 38. Rb7 Kf5 39. h4 e5 40. h5
Kg4 41. Rg7+ 1-0

[Event "MCRE_CF_07"]
[Site "?"]
[Date "2005.??.??"]
[Round "?"]
[White "Mateka, Petr"]
[Black "Prochazka, Ivan"]
[Result "1-0"]
[WhiteElo "2183"]
[BlackElo "2039"]
[PlyCount "111"]
[EventDate "2005.??.??"]
[EventType "corr"]
[EventRounds "2"]
[SourceDate "2005.10.20"]

1. e4 e6 2. d4 d5 3. e5 c5 4. Nc3 Nc6 5. Nf3 Bd7 6. a3 Qb6 7. Be3 cxd4 8. Nxd4
Bc5 9. Na4 Qa5+ 10. Nc3 Bxd4 11. Bxd4 a6 12. b4 Qc7 13. Nxd5 exd5 14. e6 Nxd4
15. exd7+ Kxd7 16. Qxd4 Re8+ 17. Kd2 Nf6 18. f3 Kc8 19. Qc3 Qxc3+ 20. Kxc3 Re3+
21. Kd4 Rhe8 22. Bd3 Kc7 23. a4 R3e6 24. a5 Nh5 25. g3 Nf6 26. b5 axb5 27. Bxb5
R8e7 28. Rhb1 Kd8 29. Bd3 Kc7 30. Rb4 Kb8 31. Rab1 Ka7 32. g4 h6 33. Rb5 Rc6
34. h4 Rcc7 35. Rc5 Rxc5 36. Kxc5 Re3 37. Rf1 Re6 38. Kd4 Ng8 39. Kxd5 Ne7+ 40.
Kc5 Re5+ 41. Kd6 Re6+ 42. Kc7 Nc6 43. Be4 Re7+ 44. Kd6 Re6+ 45. Kc5 Re5+ 46.
Bd5 Nxa5 47. c4 f6 48. Kb5 Nc6 49. f4 Nd4+ 50. Kc5 Nb3+ 51. Kd6 Re3 52. g5 Ka6
53. g6 b6 54. Rf3 Rxf3 55. Bxf3 Nd4 56. Bg4 1-0

[Event "MCRE_CF_07"]
[Site "?"]
[Date "2005.??.??"]
[Round "?"]
[White "Vojtek, Frantisek"]
[Black "Stika, Vaclav"]
[Result "1-0"]
[WhiteElo "2196"]
[BlackElo "2028"]
[PlyCount "105"]
[EventDate "2005.??.??"]
[EventType "corr"]
[EventRounds "2"]
[SourceDate "2005.10.20"]

1. e4 e5 2. Nf3 Nc6 3. Bb5 a6 4. Ba4 Nf6 5. O-O Be7 6. Re1 b5 7. Bb3 d6 8. c3
O-O 9. h3 Na5 10. Bc2 c5 11. d4 Qc7 12. Nbd2 cxd4 13. cxd4 Bb7 14. d5 Rac8 15.
Bb1 Nd7 16. Nf1 f5 17. Ng3 f4 18. Nf5 Bd8 19. Qe2 g6 20. Nh6+ Kg7 21. Ng4 h5
22. Ngh2 Nc4 23. b3 Ncb6 24. Bd2 Qb8 25. Bd3 Nc5 26. Bc2 Qa7 27. b4 Nca4 28.
Bb3 Kg8 29. Rec1 Bf6 30. Rab1 Ba8 31. Kh1 Qe7 32. Rg1 Kh7 33. g4 hxg4 34. Rxg4
Nc3 35. Bxc3 Rxc3 36. Rbg1 Rg8 37. h4 Bb7 38. Ng5+ Kh8 39. Qe1 Rgc8 40. Ngf3
Qh7 41. Rxg6 Nd7 42. Bd1 Rc1 43. h5 Rf8 44. Qf1 Nb6 45. Qh3 Bc8 46. Qg2 Rxd1
47. Rxd1 Qxh5 48. Rg1 Bh3 49. Rg8+ Kh7 50. Qxh3 Qxh3 51. Rxf8 Qh6 52. Rf7+ Kh8
53. Rg2 1-0

[Event "MCRE_CF_07"]
[Site "?"]
[Date "2005.??.??"]
[Round "?"]
[White "Stika, Vaclav"]
[Black "Prochazka, Ivan"]
[Result "1/2-1/2"]
[WhiteElo "2028"]
[BlackElo "2039"]
[PlyCount "116"]
[EventDate "2005.??.??"]
[EventType "corr"]
[EventRounds "2"]
[SourceDate "2005.10.20"]

1. e4 e5 2. Nf3 Nc6 3. Bb5 a6 4. Bxc6 dxc6 5. O-O Bg4 6. h3 h5 7. d3 Qf6 8.
Nbd2 Ne7 9. Re1 Ng6 10. d4 Nf4 11. dxe5 Qg6 12. Nh4 Bxd1 13. Nxg6 Nxg6 14. Rxd1
Rd8 15. Kf1 Nxe5 16. b3 Bd6 17. f4 Ng6 18. f5 Ne5 19. Bb2 f6 20. Nf3 Nf7 21.
Rd3 O-O 22. Re1 Bg3 23. Re2 c5 24. Bc3 Rfe8 25. Be1 Bd6 26. g3 Rd7 27. a3 Rde7
28. Rde3 c4 29. bxc4 Bc5 30. Bb4 Bxb4 31. axb4 Nd6 32. Nd4 Rxe4 33. Rxe4 Rxe4
34. Rxe4 Nxe4 35. Ke2 c6 36. g4 hxg4 37. hxg4 c5 38. Ke3 Nd6 39. bxc5 Nxc4+ 40.
Ke4 Ne5 41. Kd5 Nxg4 42. Kd6 Nf2 43. Ne6 Ne4+ 44. Kc7 a5 45. Kxb7 a4 46. c6 a3
47. c7 Nd6+ 48. Kc6 Nc8 49. Nd4 a2 50. Nb3 g6 51. fxg6 f5 52. Kc5 Kg7 53. Kb4
f4 54. Ka3 Kxg6 55. Kxa2 Kf5 56. Kb2 Ke4 57. Kc1 Kf3 58. Kd2 Kg2 1/2-1/2

[Event "MCRE_CF_07"]
[Site "?"]
[Date "2005.??.??"]
[Round "?"]
[White "Vojtek, Frantisek"]
[Black "Prochazka, Ivan"]
[Result "0-1"]
[WhiteElo "2196"]
[BlackElo "2039"]
[PlyCount "86"]
[EventDate "2005.??.??"]
[EventType "corr"]
[EventRounds "2"]
[SourceDate "2005.10.20"]

1. e4 e6 2. d4 d5 3. Nd2 dxe4 4. Nxe4 Nd7 5. Nf3 Ngf6 6. Bg5 Be7 7. Nxf6+ Nxf6
8. Bd3 O-O 9. Qe2 c5 10. dxc5 Qa5+ 11. c3 Qxc5 12. O-O Rd8 13. Rad1 Bd7 14. Ne5
Ba4 15. b3 Be8 16. c4 Qa5 17. f4 h6 18. Bh4 Rd6 19. Ng4 Nxg4 20. Bxe7 Rd7 21.
Qxg4 Rxe7 22. Qe2 Bc6 23. Bb1 e5 24. f5 f6 25. Be4 Bxe4 26. Qxe4 Qxa2 27. Rf3
Qa5 28. Rfd3 Qb6+ 29. Kf1 Rc8 30. R1d2 a5 31. Rd1 Qc7 32. Ra1 Kh7 33. Rd5 b6
34. Qg4 Rd7 35. Rxd7 Qxd7 36. Qf3 Rd8 37. Ra2 Qd4 38. Re2 a4 39. bxa4 Qxc4 40.
g3 Qxa4 41. Kg2 b5 42. Rb2 Qc4 43. Qf1 Rd3 0-1

[Event "MCRE_CF_07"]
[Site "?"]
[Date "2005.??.??"]
[Round "?"]
[White "Kratochvil, Vaclav"]
[Black "Stika, Vaclav"]
[Result "1-0"]
[WhiteElo "2134"]
[BlackElo "2028"]
[PlyCount "131"]
[EventDate "2005.??.??"]
[EventType "corr"]
[EventRounds "2"]
[SourceDate "2005.10.20"]

1. e4 e5 2. Nf3 Nc6 3. Bb5 a6 4. Ba4 Nf6 5. O-O Be7 6. Re1 b5 7. Bb3 d6 8. c3
O-O 9. h3 Na5 10. Bc2 c5 11. d4 Qc7 12. Nbd2 cxd4 13. cxd4 Bb7 14. Nf1 Rac8 15.
Bd3 exd4 16. Nxd4 d5 17. exd5 Nxd5 18. Nf5 Bf6 19. Be4 Rfe8 20. N1g3 Kh8 21.
Bxd5 Rxe1+ 22. Qxe1 Bxd5 23. Bd2 Nc6 24. Bc3 Be5 25. Rc1 f6 26. Bxe5 fxe5 27.
Qc3 Qd7 28. Qa3 Ra8 29. Rc5 Be6 30. Ne3 Qb7 31. Qd3 Rc8 32. Nef5 Qb8 33. Qe4
Qb6 34. b4 Qc7 35. Nd4 Bd7 36. Nf3 Qd6 37. Ng5 Qg6 38. Qxg6 hxg6 39. Nf7+ Kg8
40. Nxe5 Nxe5 41. Rxe5 Rc1+ 42. Kh2 Ra1 43. Re2 Bf5 44. f3 Kf7 45. Ne4 Bxe4 46.
fxe4 Rc1 47. Re3 Ke6 48. Rg3 Kf6 49. e5+ Kf5 50. h4 Rc4 51. Kh3 Rxb4 52. Rg5+
Ke6 53. Rxg6+ Kxe5 54. Rxg7 Kf6 55. Rg3 a5 56. h5 Rb1 57. Rg6+ Kf7 58. g4 Rh1+
59. Kg3 Ra1 60. Rb6 Rxa2 61. Rxb5 a4 62. g5 Ra1 63. g6+ Kf6 64. Rb6+ Kg7 65.
Rb7+ Kf6 66. Kf3 1-0

[Event "MCRE_CF_07"]
[Site "?"]
[Date "2005.??.??"]
[Round "?"]
[White "Prochazka, Ivan"]
[Black "Stika, Vaclav"]
[Result "1/2-1/2"]
[WhiteElo "2039"]
[BlackElo "2028"]
[PlyCount "136"]
[EventDate "2005.??.??"]
[EventType "corr"]
[EventRounds "2"]
[SourceDate "2005.10.20"]

1. d4 Nf6 2. c4 e6 3. Nf3 d5 4. Nc3 Be7 5. Bf4 O-O 6. e3 c5 7. dxc5 Bxc5 8. Qc2
Nc6 9. a3 Qa5 10. O-O-O Be7 11. g4 dxc4 12. Bxc4 Nxg4 13. Rhg1 Qh5 14. h3 Nf6
15. Be2 Rd8 16. Ne5 Qf5 17. Bd3 Qh5 18. Rg5 Qh4 19. Rdg1 Ne8 20. R5g4 Qh5 21.
Be2 Qxh3 22. R4g3 Qf5 23. Bd3 Rxd3 24. Nxd3 Bd7 25. Kb1 Rd8 26. f3 Bc8 27. e4
Qa5 28. Nc1 Bf6 29. Bg5 Bxg5 30. Rxg5 Qc7 31. Qf2 f6 32. Rh5 Qb6 33. Qxb6 axb6
34. Rgh1 h6 35. Na4 e5 36. Nxb6 Be6 37. Na4 Nd6 38. Nc5 Bf7 39. R5h2 Nd4 40.
Rf2 b6 41. N5d3 Nc4 42. Rhh2 h5 43. Nb4 g5 44. Nc2 Kg7 45. Nxd4 exd4 46. Nd3
Ne3 47. Rh1 h4 48. Rd2 Bh5 49. Rh3 f5 50. exf5 Kf6 51. f4 Bg4 52. fxg5+ Kxg5
53. Rh1 Bxf5 54. b3 h3 55. Kb2 Rh8 56. Nf2 Rh4 57. Kc1 Be6 58. a4 Bc8 59. Rg1+
Kf6 60. Rg8 Bd7 61. Rd8 Ke7 62. Rb8 h2 63. Rxb6 Nd5 64. Re2+ Kd8 65. Rd6 Nb4
66. Re1 Kc7 67. Rg6 Nd5 68. Rg7 Ne3 1/2-1/2

[Event "MCRE_CF_07"]
[Site "?"]
[Date "2005.??.??"]
[Round "?"]
[White "Prochazka, Ivan"]
[Black "Vojtek, Frantisek"]
[Result "1/2-1/2"]
[WhiteElo "2039"]
[BlackElo "2196"]
[PlyCount "160"]
[EventDate "2005.??.??"]
[EventType "corr"]
[EventRounds "2"]
[SourceDate "2005.10.20"]

1. c4 Nf6 2. Nc3 e6 3. g3 c5 4. Nf3 b6 5. Bg2 Bb7 6. O-O Be7 7. d4 cxd4 8. Qxd4
O-O 9. e4 d6 10. b3 Nc6 11. Qd2 a6 12. Bb2 Qc7 13. Rad1 Rac8 14. Qe3 Rfd8 15.
h3 Nd7 16. Rd2 Nde5 17. Nh2 Nd7 18. Kh1 Nf6 19. Ne2 b5 20. cxb5 axb5 21. Nf4 b4
22. Kg1 Ne5 23. Rc1 Qa5 24. Ra1 Ra8 25. a4 bxa3 26. Rxa3 Qb4 27. Rxa8 Bxa8 28.
Rd4 Qb6 29. Nf1 Rb8 30. Nd2 Nfd7 31. Bc3 Rc8 32. Bf1 Bb7 33. Be2 Bg5 34. b4 Bf6
35. Nh5 Bd8 36. Nb1 g6 37. Nf4 Bf6 38. Qd2 Rxc3 39. Nxc3 Nf3+ 40. Bxf3 Bxd4 41.
Na4 Qa7 42. Nc3 Qa1+ 43. Nd1 Ne5 44. Bg2 Nc6 45. Ne2 Ba6 46. Bf1 Bxe2 47. Bxe2
Qa3 48. Kg2 Qxb4 49. Qxb4 Nxb4 50. g4 g5 51. Kg3 Nc6 52. Bb5 Ne5 53. f4 gxf4+
54. Kxf4 Kg7 55. Be8 Nd3+ 56. Kg3 Kf6 57. Bb5 Nb4 58. Kf4 Be5+ 59. Kf3 Nc2 60.
Ba4 Ne1+ 61. Ke3 Ng2+ 62. Kf3 Nf4 63. h4 h6 64. Ne3 Ng6 65. h5 Nf8 66. Nc4 Nh7
67. Bc2 Ng5+ 68. Kg2 Ke7 69. Nxe5 dxe5 70. Bd3 Kd6 71. Kf2 Kc5 72. Ke3 f6 73.
Bc2 Nf7 74. Bb3 Nd8 75. Ba2 Kd6 76. Bb3 Nc6 77. Bc4 Nd4 78. Bf1 Ke7 79. Bd3 Kf7
80. Bb1 Ke7 1/2-1/2